Word Ladder: US Independence Day Quiz Stats

 Plays Quiz Updated Jul 4, 2018

Score 0/26 Timer 02:30
2 Plays Today
Clue 4-Letter Word % Correct
★ Month of the U.S. Independence Day ★ ★ JULY ★
99.7%
Satisfied after a mealFULL
95.6%
The central part of an appleCORE
95%
★ Date of the U.S. Independence Day ★ ★ FOUR ★
94.6%
Ripped apartTORE
92.9%
12 inchesFOOT
92.6%
Blunt or unsharpenedDULL
92.1%
Character on April firstFOOL
90.5%
Golfer's warningFORE
90.1%
Recovery or relief from a diseaseCURE
89.9%
In a manner of time or properlyDULY
89.8%
Knox, Collins, or Wayne, e.g.FORT
89.6%
Big French bicycle race, for shortTOUR
88.2%
Clue 4-Letter Word % Correct
A ringlet of hairCURL
87.6%
Lacking lightDARK
86.9%
Yellowstone, for examplePARK
85.6%
The meat of a pigPORK
85.2%
Fold up neatly, like a flagFURL
85%
Pub game projectileDART
85%
'Fair is _____, and _____ is fair.'FOUL
84.7%
A segment of somethingPART
84%
✴ First part of Independence Day display ✴ ✴ FIRE ✴
81.5%
Unit of pressure thats 1/760 of an atmTORR
79.9%
Nowitzki of the Dallas MavericksDIRK
77.5%
Extremely significant or urgentDIRE
76.9%
✴ Second part of Independence Day display ✴ ✴ WORK ✴
76.8%

Today's Daily Dose

You're not logged in!

Compare scores with friends on all Sporcle quizzes.
Join for Free
OR
Log In

You Might Also Like...

Show Comments

Extras

Top Quizzes Today


Score Distribution

Your Account Isn't Verified!

In order to create a playlist on Sporcle, you need to verify the email address you used during registration. Go to your Sporcle Settings to finish the process.

Report this User

Report this user for behavior that violates our Community Guidelines.

Details: